A trip to eastern Slovakia

Bibliographic Details
Format: Video
Language:English
PhysicalDescription:1 videokazeta stereo, fareb., VHS systém PAL 10x19 cm
Published: Bratislava Slovenská informačná agentúra 1997
Subjects:

MARC

LEADER 00000cgm a2200000 a 4500
001 vtls001324872
003 SK-MaSNL
005 20260425222128.0
008 250925s1997 xo g vueng
015 |a SNBJ1998/02-01138 
035 |a SNK000277614 
040 |a SNK  |b slo  |c SNK  |e AACR2 
041 0 |a eng 
043 |a e-xo--- 
044 |a xo  |c SK 
072 7 |a 791  |x Film. Cirkus. Ľudová zábava  |2 konspekt 
080 |a 908.437.67(086.8)  |2 1981 
080 |a (437.67)  |2 2011 
080 |a (036)913  |2 2011 
245 0 2 |a A trip to eastern Slovakia  |h videozáznam 
260 |a Bratislava  |b Slovenská informačná agentúra  |c 1997 
300 |a 1 videokazeta  |b stereo, fareb., VHS systém PAL  |c 10x19 cm 
650 0 7 |a televízne filmy  |2 SNKPH  |9 114230 
651 7 |a Slovensko východné  |2 SNKPHgeo  |9 161134 
655 7 |a videokazety  |2 SNKPH  |9 70726 
852 |a Slovenská národná knižnica 
999 |c 545482  |d 547412 
952 |t P60, <03>, [BOOK], {603}  |a SNK  |b SNK  |y PREZ  |7 0  |p 17A0128939  |o snkSVC 1032  |i snkJK 152/98  |0 0  |1 0  |4 0  |d 1998-03-18  |l 0  |r 2005-01-02 00:00:00  |w 2026-02-23